🥥 Top 20 Coconut producing countries - Statistics

General Stats
  • This quiz has been taken 501 times
  • The average score is 13 of 20
Answer Stats
Answer Tonnes % Correct
India 14,682,000
94%
Brazil 2,330,949
92%
Indonesia 17,128,595
91%
China 401,252
87%
Thailand 806,026
85%
Malaysia 536,606
84%
Mexico 1,287,957
82%
Vietnam 1,677,044
82%
Philippines 14,765,057
78%
Myanmar 530,832
69%
Sri Lanka 2,468,800
62%
Bangladesh 431,596
60%
Papua New Guinea 1,192,816
59%
Nigeria 229,578
50%
Tanzania 428,595
48%
Dominican Republic 421,559
44%
Ghana 403,905
39%
Mozambique 232,771
34%
Samoa 180,701
15%
Vanuatu 302,532
11%
No matching quizzes found
Score Distribution
Percent of People with Each Score
Percentile by Number Answered
Your Score History
You have not taken this quiz